|
|
|
|
| LEADER |
00000nam0a2200000 4500 |
| 001 |
81491 |
| 005 |
20231031095158.0 |
| 010 |
|
|
|a 5020331902
|b 600 экз.
|
| 021 |
|
|
|a RU
|b 05-51830
|9 05-2527
|
| 035 |
|
|
|a (RuTPU)RU\TPU\book\87597
|
| 090 |
|
|
|a 81491
|
| 100 |
|
|
|a 20050921d2005 k u0rusy5002 ca
|
| 101 |
0 |
|
|a rus
|
| 102 |
|
|
|a RU
|
| 105 |
|
|
|a c a 000zb
|
| 200 |
1 |
|
|a Владимир Михайлович Котляков
|f Российская академия наук
|g авт. вступ. ст. М. Г. Гросвальд, Н. Н. Дрейер [с. 25-56]
|
| 210 |
|
|
|a Москва
|c Наука
|d 2005
|
| 215 |
|
|
|a 263, [1] с., [1] л. портр.
|
| 225 |
1 |
|
|a Материалы к биобиблиографии ученых
|i Географические науки
|v вып. 10
|
| 300 |
|
|
|a На обл. загл. сер.: Биобиблиография ученых
|
| 330 |
|
|
|a Выпуск посвящен выдающемуся российскому ученому академику В. М. Котлякову - лидеру российской гляциологии, автору трудов по исследованию природных связей между снежным покровом и ледниками. Включает основные даты жизни и деятельности ученого, очерк его научной деятельности, хронологический указатель трудов, вспомогательные указатели. Для специалистов и историков науки.
|
| 600 |
|
1 |
|a Котляков
|b В.М.
|g Владимир Михайлович
|2 RuMRKP
|
| 610 |
1 |
|
|a геологическая наука
|
| 610 |
1 |
|
|a гляциология
|
| 610 |
1 |
|
|a ледники
|
| 610 |
1 |
|
|a ученые
|
| 610 |
1 |
|
|a персоналии
|
| 610 |
1 |
|
|a биографии
|
| 610 |
1 |
|
|a история
|
| 675 |
|
|
|a 551.32(092)(01)
|v 3
|z rus
|
| 702 |
|
1 |
|a Гросвальд
|b М. Г.
|4 080
|
| 702 |
|
1 |
|a Дрейер
|b Н. Н.
|4 080
|
| 801 |
|
0 |
|a RU
|b RKP
|c 20050912
|g PSBO
|
| 801 |
|
1 |
|a RU
|b 63413507
|c 20050921
|g PSBO
|
| 801 |
|
2 |
|a RU
|b 63413507
|c 20150918
|g PSBO
|
| 942 |
|
|
|c BK
|